00446pab a2200157 454500008004000000100001700040245008500057260000900142300001700151362000800168650001900176650001500195650002300210650002000233773003500253180718b2016 xxu||||| |||| 00| 0 eng d aNorth, Peter aMoney reform and the Eurozone crisis: panacea, utopia or grassroots alternative? c2016 ap.1439-1453. aSep aEuropean Union aCurrencies aEconomic recession aMonetary policy aCambridge Journal of Economics